[Event "Open"]
[Site "Cannes FRA"]
[Date "2000.02.23"]
[Round "4"]
[White "Bonnet,E1"]
[Black "Templier,N"]
[Result "1/2-1/2"]
[WhiteElo "2108"]
[BlackElo "2244"]

1.e4 c5 2.Nf3 Nc6 3.d4 cxd4 4.Nxd4 Nf6 5.Nc3 d6 6.Bg5 e6 7.Qd2 Be7 8.O-O-O Nxd4
9.Qxd4 O-O 10.f3 Bd7 11.h4 b5 12.g4 Rb8 13.Qd2 a5 14.Bd3 b4 15.Ne2 a4 16.Nd4 Qc7
17.Kb1 Bc6 18.Be3 Nd7 19.g5 d5 20.h5 dxe4 21.Nxc6 exd3 22.Nxe7+ Kh8 23.Qxd3 Nb6
24.Bxb6 Rxb6 25.Qd7 Rb7 26.Ng6+ fxg6 27.hxg6 Qxd7 28.Rxh7+ Kg8 29.Rdh1 Qd1+
30.Rxd1 Rfb8 31.Rdh1 Kf8 32.Rh8+ Ke7 33.Rxb8 Rxb8 34.Rh7 Rg8 35.Kc1 Kd6 36.Kd2 Ke5
37.Rh4 Rb8 38.a3 bxa3 39.bxa3 Ra8 40.Kc3 Kf5 41.Re4 Kxg6 42.Rxe6+ Kxg5 43.Re4 Rf8
44.Rxa4 Rxf3+ 45.Kd2 Kf5  1/2-1/2

[Event "Open"]
[Site "Cannes FRA"]
[Date "2000.02.25"]
[Round "6"]
[White "Bujisho,B"]
[Black "Weindl,A"]
[Result "0-1"]
[WhiteElo "2299"]
[BlackElo "2367"]

1.e4 c5 2.Nf3 Nc6 3.d4 cxd4 4.Nxd4 Nf6 5.Nc3 d6 6.Bg5 Bd7 7.Be2 Qa5 8.Bxf6 gxf6
9.O-O Nxd4 10.Qxd4 Rc8 11.a4 Qc5 12.Qd2 Bg7 13.Ra3 a6 14.Rb3 f5 15.Bd3 Bc6
16.Qg5 Bf6 17.Qxf5 Qxf5 18.exf5 Kd7 19.Ne4 Be5 20.c3 d5 21.Ng5 Rhf8 22.Rb4 a5
23.Rb3 Bd6 24.Bb5 Kc7 25.g3 h6 26.Nf3 Rg8 27.Nd4 Bc5 28.Kg2 Rg5 29.f4 Rg4
30.Kf3 h5 31.Kg2 Rcg8 32.Nxc6 bxc6 33.Be2 Rh8 34.Bxg4 hxg4 35.Rc1 Rh5 36.c4 d4
37.Rd3 Rxf5 38.Re1 f6 39.Re4 Rh5 40.b3 Kd6 41.f5 Rxf5 42.Rxg4 e5 43.h4 Ke6
44.Re4 Rh5 45.Kh3 f5 46.Re2 e4 47.g4 Rh8 48.Rf3 fxg4+ 49.Kxg4 e3 50.h5 Ke5
51.Rf5+ Ke4 52.Rxc5 d3 53.Rxe3+ Kxe3 54.Rxc6 Rd8 55.Re6+ Kf2 56.Rf6+ Kg1
57.Kh3 d2 58.Rg6+ Kh1  0-1

[Event "Open"]
[Site "Cannes FRA"]
[Date "2000.02.25"]
[Round "6"]
[White "Bonnet,E1"]
[Black "Azariants,E"]
[Result "1-0"]
[WhiteElo "2108"]
[BlackElo "2197"]

1.e4 c5 2.Nf3 Nc6 3.d4 cxd4 4.Nxd4 Nf6 5.Nc3 d6 6.Bg5 e6 7.Qd2 a6 8.O-O-O h6
9.Bf4 Bd7 10.Nxc6 Bxc6 11.f3 d5 12.Qe1 Bb4 13.a3 Ba5 14.exd5 Nxd5 15.b4 Nxf4
16.Rxd8+ Bxd8 17.h4 Bc7 18.Qe3 O-O 19.Rg1 Bb8 20.g3 Ba7 21.Qxf4 Bxg1 22.Bd3 Rac8
23.Ne4 Rfd8 24.Kb1 Rd4 25.Qc1 Bh2 26.Qe3 e5 27.Qf2 f5 28.Nc5 g6 29.Qxh2 Bxf3
30.Qf2 Bc6 31.h5 b6 32.Ne6 Rd6 33.hxg6 e4 34.Qxf5 exd3 35.Qf7+  1-0

[Event "Metalis Open"]
[Site "Bizovac CRO"]
[Date "2000.02.27"]
[Round "7"]
[White "Dabo Peranic,R"]
[Black "Kutuzovic,B"]
[Result "1-0"]
[WhiteElo "2266"]
[BlackElo "2432"]

1.e4 c5 2.Nf3 d6 3.d4 cxd4 4.Nxd4 Nf6 5.Nc3 Nc6 6.Bg5 e6 7.Qd2 a6 8.O-O-O Bd7
9.f4 b5 10.Bxf6 gxf6 11.Kb1 Qb6 12.Nxc6 Bxc6 13.f5 b4 14.Ne2 e5 15.Ng3 h5
16.h4 Qc5 17.Bd3 a5 18.Qe2 a4 19.Nxh5 Ke7 20.g4 a3 21.Bc4 axb2 22.Rh3 Ra3
23.Rb3 Rxh5 24.gxh5 Bh6 25.Qd3 Ra8 26.c3 Ba4 27.cxb4 Qc7 28.Qd5 Rf8 29.Kxb2 Bxb3
30.Kxb3 Be3 31.Rd3 Qb6 32.a4 Bc5 33.Bb5 Bd4 34.a5 Qc7 35.Bc4 Kd7 36.h6  1-0

[Event "Open"]
[Site "Cannes FRA"]
[Date "2000.02.27"]
[Round "8"]
[White "Marino,O"]
[Black "Azariants,E"]
[Result "1-0"]
[WhiteElo "2101"]
[BlackElo "2197"]

1.e4 c5 2.Nf3 Nc6 3.d4 cxd4 4.Nxd4 Nf6 5.Nc3 d6 6.Bg5 e6 7.Qd2 a6 8.O-O-O h6
9.Bh4 Nxe4 10.Qf4 Ng5 11.Nxc6 bxc6 12.Qa4 Qb6 13.Bd3 Rb8 14.f4 Nh7 15.Rhe1 Qxb2+
16.Kd2 Be7 17.Rb1 Bxh4 18.Rxb2 Bxe1+ 19.Kxe1 Rxb2 20.Qxc6+ Ke7 21.Bxh7 Bd7
22.Qe4 Rhb8 23.f5 Kf8 24.Qd4 R8b6 25.fxe6 Bxe6 26.a3 f6 27.Kd2 Rc6 28.Be4 d5
29.Bxd5 Bxd5 30.Qxd5 Rbb6 31.Qd8+ Kf7 32.Nd5 Rb7 33.Qa8  1-0

[Event "Oz.com qualifier blitz"]
[Site "Internet ICC"]
[Date "2000.03.05"]
[Round "2"]
[White "Socko,B"]
[Black "Castaneda,N"]
[Result "1-0"]
[WhiteElo "2556"]
[BlackElo "2351"]

1.e4 c5 2.Nf3 Nc6 3.d4 cxd4 4.Nxd4 d6 5.Nc3 Nf6 6.Bg5 e6 7.Qd2 a6 8.O-O-O h6
9.Be3 Qc7 10.f3 b5 11.Kb1 Bb7 12.h4 b4 13.Nce2 d5 14.exd5 Nxd5 15.Bf2 Be7
16.Nxc6 Bxc6 17.Nd4 Ba4 18.Nb3 O-O 19.Bd3 Rfc8 20.g4 Bb5 21.g5 h5 22.g6 f6
23.Rhe1 Bxd3 24.Qxd3 Nf4 25.Qd2 e5 26.Be3 Nxg6 27.Qf2 Nf8 28.Rg1 Ne6 29.Rg2 a5
30.Nc1 a4 31.Rdg1 Bf8 32.Qd2 Rd8 33.Qe2 Rac8 34.Qa6 Qc6 35.Qe2 a3 36.Nb3 axb2
37.Rd1 Qc4 38.Rxd8 Qxe2 39.Rxf8+ Kxf8 40.Rxe2 Rc4 41.Rh2 f5 42.Kxb2 e4 43.fxe4 Rxe4
44.Bb6 Kf7 45.Nd2 Rg4 46.Nf3 Rf4 47.Ne5+ Kf6 48.Nd3 Rg4 49.Kb3 f4 50.Nxb4 Kf5
51.Nd3 f3 52.a4 Ke4  1-0

[Event "Oz.com qualifier blitz"]
[Site "Internet ICC"]
[Date "2000.03.05"]
[Round "2"]
[White "Svidler,P"]
[Black "Landenbergue,C"]
[Result "1-0"]
[WhiteElo "2672"]
[BlackElo "2406"]

1.e4 c5 2.Nf3 d6 3.d4 cxd4 4.Nxd4 Nf6 5.Nc3 Nc6 6.Bg5 e6 7.Qd2 a6 8.O-O-O Bd7
9.f3 h6 10.Be3 h5 11.Kb1 Be7 12.Bd3 Qa5 13.h3 h4 14.f4 Rc8 15.Qf2 Qc7 16.Rhe1 b5
17.Nf3 b4 18.Na4 d5 19.exd5 Nxd5 20.Nb6 Nxb6 21.Bxb6 Qb7 22.Be4 f5 23.Ne5 fxe4
24.Nxd7 Nb8 25.Ne5 O-O 26.Ng6 Rf7 27.Nxe7+ Qxe7 28.Rxe4 Nd7 29.Bd4 Rf5 30.Qe2 Rc6
31.b3 Qf7 32.Bb2 Nc5 33.Rxb4  1-0

[Event "Oz.com qualifier blitz"]
[Site "Internet ICC"]
[Date "2000.03.05"]
[Round "2"]
[White "Monokroussos,D"]
[Black "Dlugy,M"]
[Result "0-1"]
[WhiteElo "2257"]
[BlackElo "2531"]

1.e4 c5 2.Nf3 d6 3.d4 cxd4 4.Nxd4 Nf6 5.Nc3 Nc6 6.Bg5 e6 7.Qd2 a6 8.O-O-O h6
9.Be3 Be7 10.f3 Nxd4 11.Bxd4 Qa5 12.Kb1 e5 13.Be3 Be6 14.g4 b5 15.Nd5 Qxd2
16.Nxf6+ gxf6 17.Rxd2 h5 18.Rg1 Kd7 19.g5 fxg5 20.Bxg5 Rag8 21.Be3 Rxg1 22.Bxg1 Bg5
23.Rd1 Kc6 24.Bf2 Bf4 25.h3 Rg8 26.b3 d5 27.Bd3 d4 28.Bf1 Bg3 29.Bg1 a5 30.Kb2 b4
31.a3 f6 32.axb4 axb4 33.Ra1 Bc8 34.Bc4 Rg7 35.Ra8 Bxh3 36.Ra6+ Kb7 37.Rxf6 Be1
38.Rf7+ Rxf7 39.Bxf7 h4 40.f4 Bc3+ 41.Kc1 exf4 42.Kd1 Bg4+ 43.Kc1 h3 44.e5 f3
45.Bc4 Kc7 46.Bb5 f2 47.Bh2 Kd8 48.Bg3 Be1 49.Bh4+ Kc7 50.e6 f1=Q  0-1

[Event "Oz.com qualifier blitz"]
[Site "Internet ICC"]
[Date "2000.03.05"]
[Round "6"]
[White "Socko,B"]
[Black "Paschall,W"]
[Result "1-0"]
[WhiteElo "2556"]
[BlackElo "2377"]

1.e4 c5 2.Nf3 d6 3.d4 cxd4 4.Nxd4 Nf6 5.Nc3 Nc6 6.Bg5 Bd7 7.Qd2 Rc8 8.O-O-O Nxd4
9.Qxd4 Qa5 10.Bxf6 gxf6 11.Kb1 Qc5 12.Qd2 e6 13.f4 h5 14.Bd3 Be7 15.Rhe1 a6
16.e5 d5 17.f5 fxe5 18.fxe6 Bxe6 19.Rxe5 Bf6 20.Re2 Bxc3 21.bxc3 Qxc3 22.Bf5 Qxd2
23.Rdxd2 Ke7 24.Bxe6 fxe6 25.Rxd5 Rc6 26.Rg5 Kf6 27.h4 Rb6+ 28.Kc1 Rb4 29.Rge5 Rb6
30.Rg5 Rb4 31.Rge5 Rb6 32.a3 Rh6 33.Rg5 Rb5 34.Rf2+ Rf5 35.Rfxf5+ exf5 36.Kd2 Ke5
37.Ke3 Rc6 38.Rxh5 Rc3+ 39.Kd2 Rg3 40.Rh7 Rxg2+ 41.Kc3 Rg3+ 42.Kb4 b6 43.Re7+ Kf6
44.Rb7 Rg4+ 45.Kb3 Rxh4 46.Rxb6+ Ke5 47.Rxa6 f4 48.Ra5+ Ke4 49.Ra8 Rh5 50.Re8+ Re5
51.Rxe5+ Kxe5 52.Kc3 Ke4 53.Kd2 Kf3 54.a4 Kg2 55.a5 f3 56.a6 f2 57.a7 f1=Q
58.a8=Q+ Kg3 59.Qg8+ Kh4 60.Qh7+ Kg5 61.Qg7+ Kh5 62.Qh8+ Kg5 63.Qg8+ Kh6
64.c4 Qf4+ 65.Kc3 Qc1+ 66.Kb4 Qb2+ 67.Kc5 Qa3+ 68.Kd5 Qd3+ 69.Kc6 Qf3+ 70.Qd5 Qc3
71.c5 Kg6 72.Kd7 Qg7+ 73.Kd6 Qf8+ 74.Kc7 Qe7+ 75.Kb6 Qe3 76.Qd6+ Kh5 77.Kc7 Kg4
78.Qd7+ Kf3 79.Qh3+  1-0

[Event "Oz.com qualifier blitz"]
[Site "Internet ICC"]
[Date "2000.03.05"]
[Round "6"]
[White "Dimitrijeski,B"]
[Black "Mantovani,R"]
[Result "0-1"]
[WhiteElo "2194"]
[BlackElo "2415"]

1.e4 c5 2.Nf3 Nc6 3.d4 cxd4 4.Nxd4 Nf6 5.Nc3 d6 6.Bg5 e6 7.Qd2 Be7 8.O-O-O Nxd4
9.Qxd4 O-O 10.e5 dxe5 11.Qxe5 Bd7 12.h4 Qe8 13.Qg3 Bc6 14.Bd3 Kh8 15.Kb1 Rd8
16.h5 h6 17.Bf4 Nd5 18.Nxd5 Rxd5 19.Qe3 Bg5 20.Rh3 Qe7 21.g4 Rfd8 22.Bxg5 Qxg5
23.f4 Qxg4 24.Rg1 Rxd3 25.cxd3 Qf5 26.Rhg3 Rxd3 27.Qxd3 Be4 28.Qxe4 Qxe4+
29.Ka1 Qd4 30.a3 a5 31.Ka2 b5 32.R1g2 b4 33.axb4 axb4 34.Kb3 g6 35.hxg6 f5
36.g7+ Kg8 37.Rc2 Qd1 38.Rg2 h5 39.Kxb4 Qd6+ 40.Kb5 Qb8+ 41.Kc6 Qxf4 42.Kd7 Qd4+
43.Kxe6 Qe4+ 44.Kf6 Qd4+ 45.Kxf5 Qd7+ 46.Ke4 h4 47.b4 h3 48.Rh2 Kxg7 49.Rb2 Kf6
50.Kf3 Kg5 51.Rbe2 Qd5+ 52.Kg3 Qd3+ 53.Kf2 Kg4 54.b5 Qxb5 55.Re4+ Kf5 56.Rh4 Qb6+
57.Kg3 Qb3+ 58.Kf2 Qc2+ 59.Kg1 Qd1+ 60.Kf2 Qd2+ 61.Kg3 Qe3+  0-1

[Event "Oz.com qualifier blitz"]
[Site "Internet ICC"]
[Date "2000.03.05"]
[Round "8"]
[White "Vasquez,R"]
[Black "Dlugy,M"]
[Result "1-0"]
[WhiteElo "2445"]
[BlackElo "2531"]

1.e4 c5 2.Nf3 d6 3.d4 cxd4 4.Nxd4 Nf6 5.Nc3 Nc6 6.Bg5 e6 7.Qd2 a6 8.O-O-O h6
9.Be3 Na5 10.Nb3 Nxb3+ 11.cxb3 Be7 12.f3 b5 13.Kb1 Bb7 14.h4 d5 15.Qf2 Qb8
16.exd5 Nxd5 17.Bd4 O-O 18.Bd3 Rd8 19.Ka1 e5 20.Nxd5 Rxd5 21.Be3 Qd8 22.Bc2 Rc8
23.Rxd5 Qxd5 24.Bf5 Rd8 25.Rc1 Qd6 26.Bb1 Rc8 27.Rxc8+ Bxc8 28.Qc2  1-0

[Event "33rd 8th March Women's It"]
[Site "Belgrade YUG"]
[Date "2000.03.08"]
[Round "6"]
[White "Bojkovic,N"]
[Black "Kovalevskaya,E"]
[Result "0-1"]
[WhiteElo "2423"]
[BlackElo "2451"]

1.e4 c5 2.Nf3 d6 3.d4 cxd4 4.Nxd4 Nf6 5.Nc3 Nc6 6.Bg5 a6 7.Qd2 e6 8.O-O-O h6
9.Be3 Be7 10.f3 Bd7 11.Kb1 b5 12.Nxc6 Bxc6 13.Bd3 Qc7 14.Ne2 d5 15.e5 Nd7
16.f4 Nb6 17.Bd4 Nc4 18.Qe1 Bd7 19.g4 O-O-O 20.Nc1 Kb7 21.h4 h5 22.gxh5 Rxh5
23.Qg3 g6 24.Be2 Rh6 25.h5 Rdh8 26.Qg2 gxh5 27.f5 Bc5 28.Bxc5 Qxc5 29.Nb3 Qc7
30.Qf2 Rc8 31.Bxc4 bxc4 32.Nd4 Rch8 33.Rh3 Qxe5 34.Qd2 Qd6 35.fxe6 fxe6 36.Re3 h4
37.b3 c3 38.Rxc3 h3 39.Rh1 e5 40.Ne2 h2 41.Rg3 d4 42.Rg7 Kc8 43.Ng3 Qf6 44.Rxd7 Kxd7
45.Qa5 Rg6 46.Qd5+ Kc7 47.Ne4 Qe6 48.Qa5+ Kb8 49.Kb2 Qe7 50.Qd2 Qb7 51.Qe2 Ka7
52.Rxh2 Rxh2 53.Qxh2 Qxe4 54.Qh7+ Ka8 55.Qh8+ Kb7 56.Qh7+ Kc8 57.Qe7 Qc6
58.Qxe5 Qc3+ 59.Ka3 Rc6 60.Qe8+ Kb7 61.Qd7+ Rc7 62.Qd5+ Ka7  0-1

[Event "55th ch-YUG"]
[Site "Subotica YUG"]
[Date "2000.03.18"]
[Round "3"]
[White "Sedlak,N"]
[Black "Damljanovic,B"]
[Result "0-1"]
[WhiteElo "2323"]
[BlackElo "2534"]

1.e4 c5 2.Nf3 d6 3.d4 cxd4 4.Nxd4 Nf6 5.Nc3 Nc6 6.Bg5 e6 7.Qd2 a6 8.O-O-O Bd7
9.f4 b5 10.Bxf6 gxf6 11.Kb1 Qb6 12.Nf3 O-O-O 13.f5 Kb8 14.g3 Bc8 15.Bh3 Bg7
16.Qe1 Rhe8 17.fxe6 fxe6 18.Ne2 Ne5 19.Nfd4 d5 20.exd5 Rxd5 21.Bg2 Rd6 22.Qf2 f5
23.Qf4 Qc7 24.Nb3 Nc4 25.Qf3 Bb7 26.Qxb7+ Qxb7 27.Bxb7 Kxb7 28.Rxd6 Nxd6
29.Rd1 Kc6 30.Ned4+ Bxd4 31.Nxd4+ Kc7 32.Rf1 Kd7 33.c3 h5 34.Kc2 Nc4 35.Rf3 Ne5
36.Rf2 Rc8 37.a3 Kd6 38.Re2 h4 39.Re3 hxg3 40.hxg3 Rh8 41.Kb3 Rh3 42.Ne2 Rh2
43.Nf4 Rxb2+ 44.Kxb2 Nc4+ 45.Kb3 Nxe3 46.a4 bxa4+ 47.Kxa4 e5 48.Ne2 Kc5 49.Kb3 Nf1  0-1

[Event "NED-chT"]
[Site "Leeuwarden NED"]
[Date "2000.03.19"]
[Round "6"]
[White "Van der Wiel,J"]
[Black "Werle,J"]
[Result "1-0"]
[WhiteElo "2558"]
[BlackElo "2311"]

1.e4 c5 2.Nf3 d6 3.Nc3 Nf6 4.d4 cxd4 5.Nxd4 Nc6 6.Bg5 e6 7.Qd2 a6 8.O-O-O h6
9.Be3 Be7 10.f4 Nxd4 11.Bxd4 b5 12.Be2 b4 13.Na4 Rb8 14.Bxf6 Bxf6 15.Qxd6 Qxd6
16.Rxd6 Be7 17.Rb6 Rxb6 18.Nxb6 Bb7 19.Bf3 g5 20.f5 Bc5 21.Nc4 exf5 22.exf5 Bxf3
23.Re1+ Kf8 24.gxf3 Kg7 25.Re5 Rc8 26.b3 Bd4 27.Rd5 Bc3 28.Nd6 Rd8 29.h3 Kf8
30.Rd3 Ke7 31.Ne4 Rxd3 32.cxd3 Bd4 33.Kd2 Kd7 34.Ke2 Kc6 35.f4 gxf4 36.Kf3 Be5
37.Nf2 Kd5 38.Ng4 Bg7 39.Kxf4 Kd4 40.f6 Bf8 41.Kf5 Kxd3 42.Ne5+ Kc2 43.Nxf7 Kb2
44.Ne5 Kxa2 45.Nd7 a5 46.Nxf8 a4 47.bxa4 b3 48.f7 b2 49.Kf6 b1=Q 50.Ne6 Qb2+
51.Kg6 Qg2+ 52.Kh7 Qe4+ 53.Kh8 Qe5+ 54.Ng7 Qb8+ 55.Ne8 Qe5+ 56.Kg8 Qd5 57.a5 h5
58.a6 h4 59.a7 Kb1 60.Ng7 Kc2 61.a8=Q Qxa8+ 62.f8=Q Qe4 63.Qf5 Kd3 64.Kf7  1-0

[Event "Cat XI Spring"]
[Site "Kiev UKR"]
[Date "2000.03.25"]
[Round "4"]
[White "Baklan,V"]
[Black "Korotylev,A"]
[Result "1/2-1/2"]
[WhiteElo "2571"]
[BlackElo "2477"]

1.e4 c5 2.Nf3 Nc6 3.d4 cxd4 4.Nxd4 Nf6 5.Nc3 d6 6.Bg5 e6 7.Qd2 a6 8.O-O-O Nxd4
9.Qxd4 Be7 10.f4 b5 11.Be2 Bb7 12.Bf3 Qc7 13.e5 dxe5 14.fxe5 Nd5 15.Bxe7 Nxe7
16.Rhf1 O-O 17.Bxb7 Qxb7 18.Ne4 Qa7 19.Qd3 Ng6 20.Qg3 Rac8 21.Rd2 Rc4 22.Nd6  1/2-1/2

[Event "21st Open A"]
[Site "Bled SLO"]
[Date "2000.03.28"]
[Round "4"]
[White "Mazi,L"]
[Black "Atalik,S"]
[Result "0-1"]
[WhiteElo "2380"]
[BlackElo "2575"]

1.e4 c5 2.Nf3 d6 3.d4 cxd4 4.Nxd4 Nf6 5.Nc3 Nc6 6.Bg5 e6 7.Qd2 a6 8.O-O-O Nxd4
9.Qxd4 Be7 10.f3 Qc7 11.Kb1 b5 12.g4 Rb8 13.Bc1 b4 14.Ne2 e5 15.Qd2 Be6 16.Ng3 g6
17.g5 Nd7 18.h4 a5 19.h5 a4 20.Rh2 Rf8 21.Bd3 Nc5 22.Be2 b3 23.cxb3 axb3
24.a3 Na4 25.Nf1 Qc2+ 26.Ka1 Qxd2 27.Bxd2 Kd7 28.Bb4 Rfc8 29.Ne3 Rxb4 30.axb4 Bxg5
31.Nd5 Bxd5 32.exd5 Rc2 33.hxg6 hxg6 34.Bb5+ Ke7 35.Rdh1 Bf4 36.Rxc2 bxc2
37.Bxa4 c1=Q+ 38.Rxc1 Bxc1 39.Kb1 Bd2 40.b5 Ba5 41.Kc2 Bb6 42.Kd2 Kf6 43.Ke2 Kf5  0-1

[Event "21st Open A"]
[Site "Bled SLO"]
[Date "2000.03.30"]
[Round "6"]
[White "Filipenko,A"]
[Black "Cebalo,M"]
[Result "0-1"]
[WhiteElo "2370"]
[BlackElo "2553"]

1.e4 c5 2.Nf3 d6 3.d4 cxd4 4.Nxd4 Nf6 5.Nc3 Nc6 6.Bg5 e6 7.Qd2 a6 8.O-O-O h6
9.Be3 Bd7 10.f3 b5 11.Nxc6 Bxc6 12.Ne2 Rc8 13.Nd4 Bb7 14.Kb1 Nd7 15.Nb3 Be7
16.c4 bxc4 17.Na5 Bxe4+ 18.fxe4 c3 19.Nb7 Qc7 20.Nxd6+ Bxd6 21.bxc3 Rb8+
22.Ka1 Nc5 23.Bd3 Be5 24.Bd4 O-O 25.Bc2 Bf4 26.Qf2 Nd7 27.g3 Be5 28.Qd2 Rfc8
29.Rc1 Qa5 30.Rb1 Rxb1+ 31.Rxb1 Rxc3 32.Bxe5 Qxe5 33.Rb2 Nc5 34.Kb1 Nxe4
35.Qf4 Qxf4 36.gxf4 f5 37.Rb6 Nc5 38.Rc6 Rc4 39.Bb3 Nxb3  0-1

[Event "21st Open A"]
[Site "Bled SLO"]
[Date "2000.03.30"]
[Round "6"]
[White "Zelcic,R"]
[Black "Kozul,Z"]
[Result "1-0"]
[WhiteElo "2529"]
[BlackElo "2597"]

1.e4 c5 2.Nf3 Nc6 3.d4 cxd4 4.Nxd4 Nf6 5.Nc3 d6 6.Bg5 e6 7.Qd2 a6 8.O-O-O Bd7
9.f4 b5 10.Bxf6 gxf6 11.Kb1 Qb6 12.Nxc6 Bxc6 13.Qe1 Ra7 14.f5 Qc5 15.Bd3 Bh6
16.fxe6 fxe6 17.Nd5 Rf7 18.b4 Qa7 19.Qc3 O-O 20.Qxc6 exd5 21.Qxd6 Kh8 22.exd5 Rd7
23.Qc5 Qxc5 24.bxc5 Rxd5 25.c6 Rc5 26.Be4 Bf4 27.Rd7 Re8 28.Bf3 Rc4 29.Bd5 Rc5
30.Rf1 Be5 31.Re1 Rc8 32.Re4 Rxd5 33.Rxd5 Rxc6 34.Rd7 h6 35.Rh4 Kg8 36.Rxh6 Rc4
37.Rh3 Re4 38.Rhd3 Re1+ 39.Rd1 Re2 40.Rb7  1-0

[Event "21st Open A"]
[Site "Bled SLO"]
[Date "2000.04.01"]
[Round "8"]
[White "Kutuzovic,B"]
[Black "Bu Xiangzhi"]
[Result "0-1"]
[WhiteElo "2432"]
[BlackElo "2565"]

1.e4 c5 2.Nf3 Nc6 3.d4 cxd4 4.Nxd4 Nf6 5.Nc3 d6 6.Bg5 e6 7.Qd2 a6 8.O-O-O h6
9.Be3 Qc7 10.f3 Bd7 11.g4 Ne5 12.h4 b5 13.Rg1 Rc8 14.g5 hxg5 15.hxg5 Nh5
16.f4 b4 17.Nb1 Nc4 18.Bxc4 Qxc4 19.b3 Qc7 20.g6 e5 21.gxf7+ Kxf7 22.Nf3 Nf6
23.Ng5+ Ke8 24.Kb2 Bc6 25.Qxb4 Bb7 26.Qa4+ Ke7 27.fxe5 dxe5 28.Rd2 Rh4 29.Rgd1 Qc6
30.Qb4+ Ke8 31.Qa5 Be7 32.Bb6 Rh5 33.Nf3 Nxe4 34.Re2 Bf6 35.c4 Ng3 36.Nd4 e4  0-1

[Event "Frisco Masters"]
[Site "San Francisco USA"]
[Date "2000.04.02"]
[Round "5"]
[White "Ziatdinov,R"]
[Black "Fedorowicz,J"]
[Result "1/2-1/2"]
[WhiteElo "2473"]
[BlackElo "2540"]

1.e4 c5 2.Nf3 d6 3.d4 cxd4 4.Nxd4 Nf6 5.Nc3 Nc6 6.Bg5 e6 7.Qd2 a6 8.O-O-O Bd7
9.f4 b5 10.Bxf6 gxf6 11.g3 Qb6 12.Nf3 O-O-O 13.Bh3 h5 14.Kb1 Kb8 15.Ne2 Bc8
16.f5 Bh6 17.Nf4 d5 18.exd5 e5 19.Qc3 Ne7 20.Qe1 Bb7 21.Nh4 Bxf4 22.gxf4 Nxd5
23.Bg2 Nxf4 24.Bxb7 Qxb7 25.Qa5 Nd5 26.Ng2 Rd7 27.Rhe1 Rhd8 28.Rd3 Nc7 29.Rxd7 Rxd7
30.Ne3 Ka7 31.a3 Qb6 32.Qc3 a5 33.Qb3 Qc5 34.c4 b4 35.Nc2 Na6 36.axb4 axb4
37.Ne3 Rd2 38.h4 Qd4 39.Nd5 Qd3+ 40.Qxd3 Rxd3 41.Nxf6 b3 42.Nxh5 Rd2 43.Ng3 Nc5
44.Nf1 Rf2 45.Rd1 Rxf5 46.Kc1 Rf3 47.Nd2 Rf2 48.Rf1 Nd3+ 49.Kd1 Nxb2+ 50.Ke1 Nd3+
51.Kd1 Rxf1+ 52.Nxf1 Nb2+ 53.Kd2 Nxc4+ 54.Kc3 b2 55.Kc2 f5 56.h5 Nd6 57.h6 Nf7
58.h7 Kb7 59.Ne3 f4 60.Nc4  1/2-1/2

[Event "55th ch-YUG"]
[Site "Subotica YUG"]
[Date "2000.04.02"]
[Round "15"]
[White "Pavlovic,Mi"]
[Black "Damljanovic,B"]
[Result "0-1"]
[WhiteElo "2481"]
[BlackElo "2534"]

1.e4 c5 2.Nf3 Nc6 3.d4 cxd4 4.Nxd4 Nf6 5.Nc3 d6 6.Bg5 e6 7.Qd2 a6 8.O-O-O Bd7
9.f3 Rc8 10.Kb1 Be7 11.h4 h6 12.Be3 h5 13.Bd3 Ne5 14.Rhe1 b5 15.a3 Rb8 16.f4 Nc4
17.Bxc4 bxc4 18.Ka2 Ng4 19.Bg1 O-O 20.Nf3 Bc6 21.Bd4 Qc7 22.Rb1 e5 23.Bg1 Rfd8
24.Nh2 Nf6 25.Nf3 Bf8 26.Bh2 d5 27.fxe5 dxe4 28.exf6 Qxh2 29.Qxd8 exf3 30.Qd4 fxg2
31.Qxc4 Bb7 32.Qd4 Qc7 33.Nd5 Qxc2 34.Ne7+ Kh8 35.Re5 g6  0-1

[Event "FSIMA April"]
[Site "Budapest HUN"]
[Date "2000.04.03"]
[Round "3"]
[White "Sziebert,A"]
[Black "Dembo,Y"]
[Result "1-0"]
[WhiteElo "2334"]
[BlackElo "2269"]

1.e4 c5 2.Nf3 Nc6 3.d4 cxd4 4.Nxd4 Nf6 5.Nc3 d6 6.Bg5 e6 7.Qd2 Be7 8.O-O-O O-O
9.Nb3 Qb6 10.f3 Rd8 11.Nb5 Rd7 12.Kb1 Qd8 13.Be3 d5 14.e5 Nxe5 15.Nc5 Bxc5
16.Bxc5 b6 17.Bf2 Bb7 18.h4 Nc4 19.Qc1 a6 20.Nd4 Nd6 21.Re1 Re7 22.Qf4 Nc4
23.Bxc4 dxc4 24.h5 Qc7 25.Qh4 Nd5 26.Bg3 Qd8 27.h6 g6 28.Be5 Re8 29.Qg4 c3
30.Ne2 cxb2 31.Ng3 f6 32.Bxb2 e5 33.Rd1 Qe7 34.Rhe1 Qe6 35.c4 Qxg4 36.fxg4 Nf4
37.Rd7 Bxg2 38.g5 Rad8 39.Rg7+ Kh8 40.gxf6 Nd3 41.f7 Rf8 42.Bc3 Rd7 43.Rxe5  1-0

[Event "Open"]
[Site "Bad Wildbad GER"]
[Date "2000.04.04"]
[Round "6"]
[White "Koscielski,J"]
[Black "Lanka,Z"]
[Result "1-0"]
[WhiteElo "2330"]
[BlackElo "2503"]

1.e4 c5 2.Nf3 Nc6 3.d4 cxd4 4.Nxd4 Nf6 5.Nc3 d6 6.Bg5 e6 7.Qd2 a6 8.O-O-O h6
9.Be3 Qc7 10.f3 Be7 11.g4 Nxd4 12.Bxd4 e5 13.Be3 Be6 14.Kb1 O-O-O 15.Nd5 Bxd5
16.exd5 Nd7 17.Bd3 Kb8 18.h4 Ka8 19.g5 hxg5 20.hxg5 g6 21.Rh6 Rxh6 22.gxh6 Rh8
23.Rh1 Nf6 24.Be4 Nh7 25.Qg2 Qd8 26.Rg1 Nf6 27.Rh1 Nh7 28.Rg1 Bh4 29.b3 f5
30.Bd3 Nf6 31.Bd2 Nxd5 32.Qxg6 Bf2 33.Rg2 Bd4 34.h7 Qh4 35.c3 Qh1+ 36.Kb2 Nxc3
37.Bxc3 Bxc3+ 38.Kxc3 Rxh7 39.Kb2 Rc7 40.Qg5 f4 41.Qd8+ Ka7 42.Qxc7 Qxg2+
43.Bc2 Qxf3 44.Qxd6 Qe3 45.Qd3 Qc5 46.Qe4 a5 47.Bd1 b5 48.Bf3 Qf2+ 49.Kb1 Qg1+
50.Kc2 Qf2+ 51.Kc3 Qc5+ 52.Kd3 Qc7 53.Qd5 Kb6 54.Ke4 a4 55.b4 Qh7+ 56.Kxe5 Qg7+
57.Kxf4 Qf8+ 58.Ke3 Qe7+ 59.Qe4  1-0

[Event "Val Zemitis IM"]
[Site "San Francisco USA"]
[Date "2000.04.05"]
[Round "1"]
[White "Pruess,D"]
[Black "Lobo,Ri"]
[Result "1-0"]
[WhiteElo "2228"]
[BlackElo "2300"]

1.e4 c5 2.Nf3 d6 3.d4 cxd4 4.Nxd4 Nf6 5.Nc3 Nc6 6.Bg5 e6 7.Bb5 Bd7 8.Bxc6 bxc6
9.Qf3 Qa5 10.h4 Be7 11.Nb3 Qc7 12.O-O-O O-O 13.e5 dxe5 14.Ne4 Nd5 15.Bxe7 Nxe7
16.Ng5 Nd5 17.Qd3 e4 18.Nxe4 Bc8 19.c4 Nb4 20.Qd2 c5 21.Nexc5 Rb8 22.Qd6 Qxd6
23.Rxd6 Nxa2+ 24.Kd2 e5 25.Ra1 Nb4 26.Kc3 Bf5 27.Ra4 Rb6 28.Rxb6 axb6 29.Kxb4 bxc5+
30.Kxc5 f6 31.Na5 Rd8 32.b4 Rd2 33.b5 Rxf2 34.b6 Be4 35.Nc6 Rb2 36.Rb4 Rxb4
37.Nxb4  1-0

[Event "Open"]
[Site "Bad Wildbad GER"]
[Date "2000.04.06"]
[Round "8"]
[White "Velicka,P"]
[Black "Ballo,E"]
[Result "1-0"]
[WhiteElo "2458"]
[BlackElo "2253"]

1.e4 c5 2.Nf3 Nc6 3.d4 cxd4 4.Nxd4 Nf6 5.Nc3 d6 6.Bg5 e6 7.Qd2 a6 8.O-O-O h6
9.Bf4 Bd7 10.Nxc6 Bxc6 11.Qe3 Qc7 12.Be2 Be7 13.e5 dxe5 14.Bxe5 Qa5 15.Kb1 O-O
16.Qg3 Rfd8 17.Rxd8+ Bxd8 18.f4 b5 19.Bf3 Bxf3 20.gxf3 Ne8 21.Ne4 f6 22.Qg6 Be7
23.Bd4 b4 24.Rg1 Kf8 25.Nxf6 Bxf6 26.Bxf6 gxf6 27.Qh7 Qh5 28.Rg8+  1-0

[Event "XVIII Open"]
[Site "Metz FRA"]
[Date "2000.04.18"]
[Round "4"]
[White "Jaenig,R"]
[Black "Lerner,K"]
[Result "0-1"]
[WhiteElo "2097"]
[BlackElo "2575"]

1.e4 c5 2.Nf3 d6 3.d4 cxd4 4.Nxd4 Nf6 5.Nc3 Nc6 6.Bg5 e6 7.f4 Be7 8.Nb3 a6
9.Qf3 h6 10.Bh4 g5 11.fxg5 Ne5 12.Qe2 Nfd7 13.Bg3 hxg5 14.O-O-O b5 15.Nd4 Bb7
16.Nf3 Qc7 17.Qe3 b4 18.Ne2 Rc8 19.Nfd4 Nc5 20.Kb1 Nc4 21.Qc1 Na4 22.Rd3 Bxe4
23.Rb3 a5 24.Nb5 Qc5 25.Ned4 e5 26.Bxc4 Qxc4 27.Re1 f5 28.Rbe3 exd4 29.Rxe4 fxe4
30.Nxd6+ Bxd6 31.Rxe4+ Kd7 32.Qd1 Qxc2+ 33.Qxc2 Rxc2 34.Kxc2 d3+ 35.Kd2 Bxg3
36.hxg3 Nxb2 37.Kc1 Na4 38.Re5 Rc8+ 39.Kd2 Rc5  0-1

[Event "XVIII Open"]
[Site "Metz FRA"]
[Date "2000.04.21"]
[Round "7"]
[White "Collas,D"]
[Black "Baklan,V"]
[Result "0-1"]
[WhiteElo "2365"]
[BlackElo "2571"]

1.e4 c5 2.Nf3 d6 3.d4 cxd4 4.Nxd4 Nf6 5.Nc3 Nc6 6.Bg5 e6 7.Qd2 a6 8.O-O-O Bd7
9.f4 b5 10.Bxf6 gxf6 11.Nxc6 Bxc6 12.Bd3 b4 13.Ne2 Qb6 14.Kb1 h5 15.Rhf1 a5
16.Rf3 Be7 17.Ng3 h4 18.Nf1 f5 19.Re3 fxe4 20.Bxe4 d5 21.Bf3 O-O-O 22.Ree1 Bf6
23.Qe3 Qc7 24.Qc5 Bd7 25.Qxc7+ Kxc7 26.Ne3 Bg7 27.f5 Rde8 28.fxe6 fxe6 29.Ng4 h3
30.gxh3 Rxh3 31.Bg2 Rh4 32.h3 Kd6 33.Re3 Rf8 34.a3 Rhh8 35.axb4 axb4 36.Rg3 Rhg8
37.Ne3 Bh6 38.Rxg8 Rxg8 39.Ng4 Bg5 40.Rd4 Kc5 41.c3 bxc3 42.bxc3 Rb8+ 43.Kc2 Ra8
44.Kb2 Bb5 45.Ne5 Rf8 46.Ng4 Bc4 47.Kb1 Bf4 48.Rd1 Rb8+ 49.Ka1 Rb3 50.Bf1 Rxc3
51.Bxc4 Kxc4 52.Re1 Kb3 53.h4 d4 54.h5 Kc2 55.Ka2 Rc8  0-1

[Event "12th Open"]
[Site "Lenk SUI"]
[Date "2000.04.23"]
[Round "6"]
[White "Leib,A"]
[Black "Videki,S"]
[Result "1/2-1/2"]
[WhiteElo "2206"]
[BlackElo "2439"]

1.e4 c5 2.Nf3 d6 3.d4 cxd4 4.Nxd4 Nf6 5.Nc3 Nc6 6.Bg5 Bd7 7.Qd2 Nxd4 8.Qxd4 Qa5
9.h4 Rc8 10.f3 a6 11.O-O-O e6 12.Kb1 Be7 13.g4 O-O 14.Be3 Bc6 15.Qd2 Qc7
16.Bf4 Rfd8 17.g5 Nh5 18.Bh2 b5 19.Bh3 g6 20.Ne2 Qb7 21.Nd4 Bd7 22.Bg4 e5
23.Bxd7 Rxd7 24.Ne2 Rdc7 25.Rc1 Rc6 26.Ng3 Nxg3 27.Bxg3 Bf8 28.h5 Bg7 29.Bf2 Qd7
30.Be3 d5 31.exd5 Rd6 32.Rcd1 Rd8 33.hxg6 fxg6 34.Qh2 Kf7 35.f4 Rxd5 36.Rxd5 Qxd5
37.fxe5 Qxe5 38.Qxe5 Bxe5 39.Rxh7+ Ke6 40.c3 Kf5 41.Kc2 Re8 42.Bd2 Kg4 43.Rh1 Bg3
44.Rf1 Bh4 45.Rf6 Kh5 46.Rxa6 Bxg5 47.Bxg5 Kxg5 48.Ra5 Kf4 49.Rxb5 g5 50.Rb7 g4
51.Rf7+ Ke3 52.Rg7 Kf3 53.b4 g3 54.Rf7+ Ke2 55.Rg7 Kf2 56.a4 g2 57.a5 Ra8
58.c4 g1=Q 59.Rxg1 Kxg1 60.c5 Kf2 61.Kd3 Rd8+ 62.Kc4 Ke3 63.c6 Ke4 64.Kc5 Ke5
65.b5 Rd1 66.Kb6 Kd6 67.Kb7 Rd5 68.Kb6 Rh5 69.a6 Rh7 70.a7 Rh8 71.c7 Rc8
72.Kb7 Rxc7+ 73.Kb8 Rh7 74.b6 Kc5 75.b7  1/2-1/2